000 00356nam a2200133Ia 4500
008 191201s2012 xx 000 0 und d
082 _a658.0072
_bSER
100 _aSEKARAN, Uma
245 0 _aResearch Methods For Business: A Skill Building Approach
260 _aN. Delhi
_bWiley Dreautech India
_c2012
300 _a468
650 _aBBA
942 _2ddc
_cBK
999 _c5789
_d5789